| 000 | 00869nam a2200241 a 4500 | ||
|---|---|---|---|
| 001 | 000007044 | ||
| 005 | 20200929154043.0 | ||
| 008 | 090904s1989 sp 000 f spa d | ||
| 020 | _a8472231380 | ||
| 040 |
_aDO-SdBNP _bspa _cBNPHU |
||
| 082 |
_a813 _bN937 |
||
| 240 | 1 | 3 |
_aThe romance of lust or early experiences _lespañol |
| 245 | 0 | 0 |
_aLa novela de la lujuria o mis primeras experiencias / _cAnónimo ; traducción César Palma. |
| 246 | 3 | 3 | _aMis primeras experiencias |
| 260 |
_aBarcelona, España : _bTusquets Editores, _c1989. |
||
| 300 |
_a474 p. ; _c20 cm. |
||
| 490 | 1 | _aLa sonrisa vertical | |
| 650 | 4 |
_aLiteratura erótica _xTraducción del inglés _919573 |
|
| 650 | 4 |
_aLiteratura erótica _xTraducciones al español _919574 |
|
| 700 | 1 | 2 |
_aPalma, César, _etr. _919575 |
| 830 | 0 |
_aLa sonrisa vertical _919576 |
|
| 910 | _aValidado. Control de calidad MFF | ||
| 999 |
_c6827 _d6827 |
||